00702nam a2200229Ia 4500003000400000005001700004008004100021020001800062040000700080041000800087082002500095100002600120245004200146250000600188260004500194300001700239365001300256906001800269942001200287999001900299952015400318OSt20230509133907.0210423s2009 xx 000 0 und d a9788120417328 cAL aeng a660.60581 223bCHAH aCHAWLA (H S).9100792 aIntroduction to plant biotechnology . a3 aNew DelhibOxford University Pressc2009 axxiv,538bPB b275cINR abiotechnology 2ddccBK c164021d164021 001040708BTaSACPGbSACPGd2009-07-07eHigginbothams Pvt Ltdg275.00l4o660.60581 CHAHpPG010519r2022-08-24 00:00:00s2022-07-01w2021-04-26yBK